<?xml version="1.0" encoding="UTF-8"?>
<record
    xmlns:xsi="http://www.w3.org/2001/XMLSchema-instance"
    xsi:schemaLocation="http://www.loc.gov/MARC21/slim http://www.loc.gov/standards/marcxml/schema/MARC21slim.xsd"
    xmlns="http://www.loc.gov/MARC21/slim">

  <leader>02501nam a22001937a 4500</leader>
  <controlfield tag="008">120821t        xxu||||| |||| 00| 0 eng d</controlfield>
  <datafield tag="020" ind1=" " ind2=" ">
    <subfield code="a">9780072835335</subfield>
  </datafield>
  <datafield tag="050" ind1=" " ind2=" ">
    <subfield code="a">Z52.5.M52 O2</subfield>
  </datafield>
  <datafield tag="100" ind1=" " ind2=" ">
    <subfield code="a">O'Leary, Timothy J.</subfield>
  </datafield>
  <datafield tag="245" ind1=" " ind2=" ">
    <subfield code="a">The O'Leary series: office word // 2003. /</subfield>
    <subfield code="c">Timothy J. O'Leary and Linda I. O'Leary.</subfield>
  </datafield>
  <datafield tag="250" ind1=" " ind2=" ">
    <subfield code="a">Brief edition.</subfield>
  </datafield>
  <datafield tag="260" ind1=" " ind2=" ">
    <subfield code="a">Boston:</subfield>
    <subfield code="b">McGraw Hill,</subfield>
    <subfield code="c">c2004.</subfield>
  </datafield>
  <datafield tag="300" ind1=" " ind2=" ">
    <subfield code="a">xxvi, + various pagings:</subfield>
    <subfield code="b">ill.;</subfield>
    <subfield code="c">27cm.</subfield>
  </datafield>
  <datafield tag="500" ind1=" " ind2=" ">
    <subfield code="a">Includes index.</subfield>
  </datafield>
  <datafield tag="505" ind1=" " ind2=" ">
    <subfield code="a">Contents: Introduction to microsoft office 2003: What is microsoft office system 2003? -- Common office 2003 features -- Lab review -- Word: overview of micosoft office word 2003 -- Creating and editing a document: Objectives -- Case study -- Concept preview -- Introducing office word 2003 -- Creating new documents -- Entering text -- Moving through text -- Identifying and correcting errors automatically -- Saving, closing, and opening files -- Navigating a document -- Editing documents -- Formatting a document -- Working with graphics -- Previewing and printing a document -- Setting file properties -- Editing word -- Focus on careers -- Concept summary -- Lab review -- Lab exercises -- Revising and refining a document: Objectives -- Case study -- Concept preview -- Revising a document -- Moving and copying selections -- Controlling document paging -- Finding and replacing text -- Inserting the current date -- Modifying page layout -- More paragraph formatting -- More character formatting -- Creating lists -- Using auto text entries -- Adding and modifying an autoshape -- Editing while previewing -- Using document versions -- Focus on careers -- Concept summary -- Lab review -- Lab exercises -- Creating reports and tables: Objectives -- Case study -- Concept preview -- Creating and modifying an outline -- Saving to a new folder -- Hiding spelling and grammar errors -- Formatting documents automatically -- Creating a table of contents -- Navigating by headings -- Formatting document sections -- Including source references -- Formatting picture layout -- Referencing figures -- Creating a simple table -- Sorting a list -- Creating headers and footers -- Checking the document -- Updating a table of contents -- Printing selected pages -- Focus on careers -- Concept summary -- Lab review -- Lab exercises -- Working together 1: word 2003 and your web browser -- Lab review -- Lab exercises. </subfield>
  </datafield>
  <datafield tag="650" ind1=" " ind2=" ">
    <subfield code="b">Microsoft office word 2003.</subfield>
  </datafield>
  <datafield tag="700" ind1=" " ind2=" ">
    <subfield code="a">O'Leary, Linda I.</subfield>
  </datafield>
  <datafield tag="942" ind1=" " ind2=" ">
    <subfield code="2">lcc</subfield>
    <subfield code="c">BK</subfield>
  </datafield>
  <datafield tag="999" ind1=" " ind2=" ">
    <subfield code="c">2057</subfield>
    <subfield code="d">9557</subfield>
  </datafield>
  <datafield tag="952" ind1=" " ind2=" ">
    <subfield code="0">0</subfield>
    <subfield code="1">0</subfield>
    <subfield code="2">lcc</subfield>
    <subfield code="4">0</subfield>
    <subfield code="7">0</subfield>
    <subfield code="a">WIUC-1</subfield>
    <subfield code="b">WIUC-1</subfield>
    <subfield code="c">GEN</subfield>
    <subfield code="d">2012-08-21</subfield>
    <subfield code="l">0</subfield>
    <subfield code="o">Z52.5.M52 O2</subfield>
    <subfield code="p">5459/12</subfield>
    <subfield code="r">2012-08-21 00:00:00</subfield>
    <subfield code="t">1</subfield>
    <subfield code="w">2012-08-21</subfield>
    <subfield code="y">BK</subfield>
  </datafield>
  <datafield tag="952" ind1=" " ind2=" ">
    <subfield code="0">0</subfield>
    <subfield code="1">0</subfield>
    <subfield code="2">lcc</subfield>
    <subfield code="4">0</subfield>
    <subfield code="7">0</subfield>
    <subfield code="a">WIUC-1</subfield>
    <subfield code="b">WIUC-1</subfield>
    <subfield code="c">GEN</subfield>
    <subfield code="d">2012-08-21</subfield>
    <subfield code="l">0</subfield>
    <subfield code="o">Z52.5.M52 O21</subfield>
    <subfield code="p">5460/12</subfield>
    <subfield code="r">2012-08-21 00:00:00</subfield>
    <subfield code="t">2</subfield>
    <subfield code="w">2012-08-21</subfield>
    <subfield code="y">BK</subfield>
  </datafield>
  <datafield tag="952" ind1=" " ind2=" ">
    <subfield code="0">0</subfield>
    <subfield code="1">0</subfield>
    <subfield code="2">lcc</subfield>
    <subfield code="4">0</subfield>
    <subfield code="7">0</subfield>
    <subfield code="a">WIUC-1</subfield>
    <subfield code="b">WIUC-1</subfield>
    <subfield code="c">GEN</subfield>
    <subfield code="d">2012-08-21</subfield>
    <subfield code="l">0</subfield>
    <subfield code="o">Z52.5.M52 O22</subfield>
    <subfield code="p">5461/12</subfield>
    <subfield code="r">2012-08-21 00:00:00</subfield>
    <subfield code="t">3</subfield>
    <subfield code="w">2012-08-21</subfield>
    <subfield code="y">BK</subfield>
  </datafield>
</record>
